Auditing and assurance services : (Record no. 4153)
[ view plain ]
| 000 -LEADER | |
|---|---|
| fixed length control field | 01248cac a22002531u 4500 |
| 090 ## - LOCALLY ASSIGNED LC-TYPE CALL NUMBER (OCLC); LOCAL CALL NUMBER (OCLC) | |
| -- | 4153 |
| 008 - FIXED-LENGTH DATA ELEMENTS--GENERAL INFORMATION | |
| fixed length control field | 081126t 2005xxu||||| |||| 00| 0 eng d |
| 010 ## - LIBRARY OF CONGRESS CONTROL NUMBER | |
| LC control number | 2004044266 |
| 020 ## - INTERNATIONAL STANDARD BOOK NUMBER | |
| International Standard Book Number | 0131457349 (alk. paper) |
| 082 00 - DEWEY DECIMAL CLASSIFICATION NUMBER | |
| Classification number | 657.45 |
| Item number | ARE |
| 100 ## - MAIN ENTRY--PERSONAL NAME | |
| Personal name | Arens, Alvin A. |
| 245 10 - TITLE STATEMENT | |
| Title | Auditing and assurance services : |
| Remainder of title | an integrated approach / |
| Statement of responsibility, etc | Alvin A. Arens, Randal J. Elder, Mark S. Beasley ; with web content provided by J. Gregory Jenkins. |
| 250 ## - EDITION STATEMENT | |
| Edition statement | 10th ed. |
| 260 ## - PUBLICATION, DISTRIBUTION, ETC. (IMPRINT) | |
| Place of publication, distribution, etc | Upper Saddle River, N.J. : |
| Name of publisher, distributor, etc | Pearson/Prentice Hall, |
| Date of publication, distribution, etc | c2005. |
| 300 ## - PHYSICAL DESCRIPTION | |
| Extent | xix, 791 p. : |
| Other physical details | ill. (some col.) ; |
| Dimensions | 29 cm. |
| 504 ## - BIBLIOGRAPHY, ETC. NOTE | |
| Bibliography, etc | Includes bibliographical references and index. |
| 650 #0 - SUBJECT ADDED ENTRY--TOPICAL TERM | |
| Topical term or geographic name as entry element | Auditing. |
| 700 1# - ADDED ENTRY--PERSONAL NAME | |
| Personal name | Elder, Randal J. |
| 700 1# - ADDED ENTRY--PERSONAL NAME | |
| Personal name | Beasley, Mark S. |
| 942 ## - ADDED ENTRY ELEMENTS (KOHA) | |
| Item type | Book - Borrowing |
| Call number prefix | 657.45ARE |
| Source of classification or shelving scheme | Dewey Decimal Classification |
| Withdrawn status | Item status | Damaged status | Not for loan | Home library | Current library | Shelving location | Date acquired | Source of acquisition | Total Checkouts | Total Renewals | Full call number | Barcode | Date last seen | Date last borrowed | Koha item type | Source of classification or shelving scheme |
|---|---|---|---|---|---|---|---|---|---|---|---|---|---|---|---|---|
| Central Library | Central Library | First floor | 23/08/2007 | Purchase | 9 | 17 | 657.45 ARE | 000000258 | 15/07/2025 | 21/11/2016 | Book - Borrowing | |||||
| Central Library | Central Library | First floor | 26/11/2008 | Purchase | 4 | 2 | 657.45 ARE | 000003436 | 15/07/2025 | 15/12/2010 | Book - Borrowing | Dewey Decimal Classification | ||||
| Central Library | Central Library | First floor | 26/11/2008 | Purchase | 657.45 ARE | 000005064 | 15/07/2025 | NB - Book (Non borrowing) | Dewey Decimal Classification |